| Поле | Инд. | ПП | Название | Значение |
|---|---|---|---|---|
| Тип записи | a | |||
| Библиографический уровень | m | |||
| 001 | Контрольный номер | 1a7d1a4e82dc43adbbb01fad72c68178 | ||
| 005 | Дата корректировки | 20240920191613.7 | ||
| 020 | a | ISBN | 978-985-543-762-9 | |
| c | Цена, тираж | б. ц. | ||
| 040 | b | Код языка каталог. | rus | |
| e | Правила каталог. | PSBO | ||
| 041 | 0_ | a | Код языка текста | rus |
| 080 | a | Индекс УДК | 004.42(076.5) | |
| 084 | a | Индекс другой классификации/Индекс ББК | 32.973я73 | |
| 090 | a | Полочн. индекс | 681.3 | |
| c | Каталожный индекс | 681.3.06(076.5) | ||
| x | Авторский знак | П34 | ||
| 097 | b | Оператор | 02 | |
| 100 | 1_ | a | Автор | Пискун Г. А. |
| 245 | 10 | a | Заглавие | Программно-технические средства многопрофильных систем. Лабораторный практикум |
| h | Физич. носитель | + электр. вариант | ||
| b | Продолж. заглавия | учебно-методическое пособие | ||
| 260 | a | Место издания | Минск | |
| b | Издательство | БГУИР | ||
| c | Дата издания | 2024 | ||
| 300 | a | Объем | 199 с. | |
| b | Иллюстрации/ тип воспроизводства | ил. | ||
| 440 | _0 | a | Серия | Кафедра проектирования информационно-компьютерных систем |
| 510 | 0_ | a | Примечание о ссылках | Книги и методические пособия |
| 650 | 04 | a | Основная рубрика | 50.41 Программное обеспечение вычислительных машин, комплексов и сетей |
| x | Основная подрубрика | 50.41.17 Системное программное обеспечение | ||
| 653 | 0_ | a | Ключевые слова | программные средства; технические средства; многопрофильные системы; LabVIEW |
| 856 | 40 | u | URL | https://libeldoc.bsuir.by/handle/123456789/56947 |
| 901 | t | Тип документа | m | |
| 990 | j | Количество экземпляров (DOS) | 18 |